LEGO Star Wars: The Skywalker Saga All Playable Characters - Statistics

General Stats
  • This quiz has been taken 75 times
  • The average score is 19 of 426
Answer Stats
Name % Correct
Darth Vader
71%
Qui-Gon Jinn
41%
R2-D2
39%
C-3PO
35%
Yoda
27%
Boba Fett
24%
Count Dooku
22%
Mace Windu
22%
Chewbacca
20%
Jango Fett
20%
Kit Fisto
20%
Rey Skywalker
20%
The Emperor
20%
D-O
18%
Jabba the Hutt
18%
Darth Maul
16%
Jar Jar Binks
16%
Yaddle
16%
Aayla Secura
14%
General Grievous
14%
Kylo Ren
14%
Stormtrooper
14%
4-LOM
12%
BB-8
12%
Commander Cody
12%
Ki-Adi-Mundi
12%
Plo Koon
12%
Queen Amidala
12%
TC-14
12%
Admiral Ackbar
10%
B1 Battle Droid
10%
Bail Organa
10%
Ben Solo
10%
Bossk
10%
Din Djarin
10%
Grogu
10%
Rancor
10%
Shaak Ti
10%
Wedge Antilles
10%
Wicket
10%
Ahsoka Tano
8%
Bib Fortuna
8%
Cassian Andor
8%
Dengar
8%
Droideka
8%
General Hux
8%
Greedo
8%
IG-88
8%
Jyn Erso
8%
K-2SO
8%
Logray
8%
Luminara Unduli
8%
Mon Mothma
8%
Nien Nunb
8%
Sebulba
8%
Snowtrooper
8%
Wampa
8%
Watto
8%
Yarael Poof
8%
Zuckuss
8%
B2 Super Battle Droid
6%
Baze Malbus
6%
Biggs Darklighter
6%
Boss Nass
6%
C-3PO (Red Eyes)
6%
Captain Phasma
6%
Chief Chirpa
6%
Chirrut Îmwe
6%
Crosshair
6%
Echo
6%
Fennec Shand
6%
General Leia Organa
6%
Gonk Droid
6%
Han Solo (Endor)
6%
Han Solo (Stormtrooper)
6%
Hunter
6%
Jawa
6%
K-3PO
6%
Lama Su
6%
Lobot
6%
Luke Skywalker (Episode IV)
6%
Luke Skywalker (Episode VI)
6%
Luke Skywalker (Hoth)
6%
Mas Amedda
6%
Nute Gunray
6%
Poggle the Lesser
6%
R2-D2 (Swamp)
6%
R2-D2 (Waiter)
6%
R-3PO
6%
R4-P17
6%
Rose Tico
6%
Salacious B. Crumb
6%
Scout Trooper
6%
Shmi
6%
Snoke
6%
Tarkin
6%
Tech
6%
Teebo
6%
TIE Fighter Pilot
6%
Tusken Raider
6%
Wrecker
6%
2-1B
4%
Anakin Skywalker (Episode I)
4%
Anakin Skywalker (Episode II)
4%
Anakin Skywalker (Episode III)
4%
Aurra Sing
4%
Bala-Tik
4%
Barriss Offee
4%
BB-9E
4%
Bobbajo
4%
Bo-Katan Kryze
4%
C-3PO (Episode I)
4%
C-3PO (Red Arm)
4%
Captain Antilles
4%
Captain Panaka
4%
Cara Dune
4%
Commander Gree
4%
Darth Vader (Holiday Special)
4%
Dexter Jettster
4%
DJ
4%
Enfys Nest
4%
Finn (Episode IX)
4%
Finn (Episode VII)
4%
Finn (FN-2187)
4%
FN-2199
4%
Gamorrean Guard
4%
Gonkatine
4%
Gungan Warrior
4%
Han Solo (Carbonite)
4%
Han Solo (Episode IV)
4%
Han Solo (Episode V)
4%
Han Solo (Episode VII)
4%
Han Solo (Hoth)
4%
Han Solo (Young)
4%
Jango Fett (Casual)
4%
Kylo Ren (Episode IX)
4%
Kylo Ren (Topless)
4%
Lando Calrissian (Episode IX)
4%
Lando Calrissian (Episode V)
4%
Leia (Endor)
4%
Luke Skywalker (Endor)
4%
Luke Skywalker (Stormtrooper)
4%
Mama the Hutt
4%
Max Rebo
4%
Maz Kanata
4%
Mouse Droid
4%
Obi-Wan Kenobi (Episode I)
4%
Obi-Wan Kenobi (Episode II)
4%
Obi-Wan Kenobi (Episode III)
4%
Obi-Wan Kenobi (Episode II – Robe)
4%
Oola
4%
Palpatine (Senator)
4%
Paploo
4%
Pit Droid
4%
Poe Dameron (Episode IX)
4%
Poe Dameron (Jacket)
4%
Pryde
4%
Qi'ra
4%
Qui-Gon Jinn (Cape)
4%
R2-Q5
4%
Rey (Episode IX)
4%
Rey (Episode VII)
4%
Rothgar Deng
4%
Shoretrooper
4%
Tarfful
4%
Tasu Leech
4%
Tobias Beckett
4%
Willrow Hood
4%
Zorii Bliss
4%
8D8
2%
AD-4M
2%
Admiral Holdo
2%
Aftab Ackbar
2%
Ahch-To Caretaker
2%
Alcida-Auka
2%
Anakin Skywalker (Charred)
2%
Anakin Skywalker (Episode II - Cape)
2%
Anakin Skywalker (Episode III - Cape)
2%
Anakin Skywalker (Geonosis)
2%
Anakin Skywalker (Pilot)
2%
Anakin Skywalker (Podracer)
2%
Anakin Skywalker (Yellow Eyes)
2%
Ap'Lek
2%
B1 Battle Droid (Commander)
2%
B1 Battle Droid (Geonosis)
2%
B1 Battle Droid (Heavy Assault)
2%
B1 Battle Droid (Kashyyyk)
2%
B1 Battle Droid (Security)
2%
Babu Frik
2%
Bazine Netal
2%
BB-8 (Disguise)
2%
Beaumont Kin
2%
Boba Fett (Scion of Jango)
2%
Boba Fett (Young)
2%
Bodhi Rook
2%
Boolio
2%
C-3PO (Kijimi Coat)
2%
C-3PO (Rusted)
2%
C'ai Threnalli
2%
Captain Canady
2%
Captain Phasma (Cracked Helmet)
2%
Captain Tarpals
2%
Captain Typho
2%
Cardo
2%
Carib Diss
2%
Chewbacca (Vandor)
2%
Clone Trooper (212th Attack Battalion)
2%
Clone Trooper (501st Legion)
2%
Clone Trooper (Captain)
2%
Clone Trooper (Commander)
2%
Clone Trooper (Coruscant Guard)
2%
Clone Trooper (Kashyyyk)
2%
Clone Trooper (Lieutenant)
2%
Clone Trooper (Phase I)
2%
Clone Trooper (Phase II)
2%
Clone Trooper (Sergeant)
2%
Commander D'acy
2%
Commander Jir
2%
Darth Maul (No Cape)
2%
Darth Vader (Classic)
2%
Darth Vader (No Helmet)
2%
Death Trooper
2%
Dellso Prin
2%
Director Krennic
2%
DJ (First Order)
2%
Doctor Evazan
2%
E-3PO
2%
Ello Asty
2%
Emperor's Royal Guard
2%
Empire Captain
2%
EV-9D9 Supervisor Droid
2%
Figrin D'an
2%
Finn (Bacta Suit)
2%
Finn (Crait)
2%
Finn (Episode VIII – Supremacy)
2%
Finn (First Order)
2%
Finn (FN-2187 – No Helmet)
2%
Finn (Kijimi Coat)
2%
First Order Flametrooper
2%
First Order Jet Trooper
2%
First Order Officer
2%
First Order Officer (Kijimi)
2%
First Order Snowtrooper
2%
First Order Special Forces TIE Pilot
2%
First Order TIE Pilot
2%
Fode and Beed
2%
G8-R3
2%
Garven Dreis (Red Leader)
2%
Gasgano
2%
General Leia Organa (Bandaged)
2%
General Leia Organa (Black Robes)
2%
General Leia Organa (Episode IX)
2%
General Leia Organa (Silver/Grey Robes)
2%
General Rieekan
2%
General Rieekan (Hoth – Hood)
2%
Gonk Droid (Holiday Special)
2%
Grakchawwaa
2%
Grebe-Korora
2%
Greeata Jendowanian
2%
Greef Karga
2%
Grummgar
2%
H1-NT
2%
Han Solo (Carbonite – Shirt)
2%
Han Solo (Classic)
2%
Han Solo (Hoth - Hood)
2%
Han Solo (Stormtrooper – No Helmet)
2%
IG-101 MagnaGuard Droid
2%
IG-11
2%
Imperial Fleet Trooper
2%
Imperial Gunnery Technician
2%
Imperial Probe Droid
2%
Incinerator Stormtrooper
2%
Jango Fett (Clone)
2%
Jannah
2%
Jar Jar Binks (Senator)
2%
Jek Porkins
2%
Jess Pava
2%
Jocasta Nu
2%
Jubnuk
2%
K3-R1
2%
Kaydel Connix
2%
Klaud
2%
Kuiil
2%
Kuruk
2%
Kylo Ren (No Helmet)
2%
Kylo Ren (No Helmet – Scar)
2%
Lando Calrissian (Classic)
2%
Lando Calrissian (Han Solo's Clothes)
2%
Lando Calrissian (Hermit)
2%
Lando Calrissian (Jabba's Palace)
2%
Lando Calrissian (Young)
2%
LC-24
2%
Leia (Boushh Disguise)
2%
Leia (Cloud City)
2%
Leia (Endor – Hat)
2%
Leia (Episode IV)
2%
Leia (Episode V)
2%
Leia (Episode V – Hoth)
2%
Leia (Ewok Village)
2%
Leia (Jabba's Palace)
2%
Leia (Training Flashback)
2%
Luke Skywalker (Ceremony)
2%
Luke Skywalker (Classic)
2%
Luke Skywalker (Episode V – Jedi)
2%
Luke Skywalker (Episode V – No Jacket)
2%
Luke Skywalker (Jabba's Palace)
2%
Luke Skywalker (Old – Ahch-To)
2%
Luke Skywalker (Old - Crait)
2%
Luke Skywalker (Old - Flashback)
2%
Luke Skywalker (Old – Raincoat)
2%
Luke Skywalker (Rebel Pilot)
2%
Luke Skywalker (Stormtrooper – No Helmet)
2%
Luke Skywalker (Training Flashback)
2%
Luke Skywalker (Yoda Backpack)
2%
Mace Windu (Cape)
2%
Malakili
2%
Master Codebreaker
2%
Mawhonic
2%
ME-8D9
2%
Mimban Stormtrooper
2%
Mister Bones
2%
Moff Gideon
2%
Mustafarian
2%
Nambi Ghima
2%
Obi-Wan Kenobi (Episode III – Cape)
2%
Obi-Wan Kenobi (Episode I – No Cape)
2%
Ody Mandrell
2%
Old Ben Kenobi (Tatooine)
2%
Old Ben Kenobi (Tatooine – Hood)
2%
OOM-9
2%
Padmé (Battle of Naboo)
2%
Padmé (Clawed)
2%
Padmé (Handmaiden – Orange)
2%
Padmé (Pilot)
2%
Padmé (Pilot – Helmet)
2%
Padmé (Pregnant)
2%
Padmé (Ship)
2%
Padmé (Silver Cape)
2%
Padmé (Tatooine Disguise)
2%
Palpatine (Chancellor–Grey)
2%
Palpatine (Chancellor – Red)
2%
Palpatine (Scarred)
2%
Poe Dameron (Black Resistance Jacket)
2%
Poe Dameron (Kijimi Coat)
2%
Poe Dameron (Pilot)
2%
Poe Dameron (Pilot – Helmet)
2%
Ponda Baba
2%
Porg (Companion)
2%
Praetorian Guard (Eighth Guard)
2%
Praetorian Guard (First Guard)
2%
Praetorian Guard (Seventh Guard)
2%
Praetorian Guard (Third Guard)
2%
Princess Leia (Classic)
2%
Qui-Gon Jinn (Tatooine Disguise)
2%
R2-A6
2%
R2-B1
2%
R2-KT
2%
R2-N3
2%
R2-R9
2%
R4-M9
2%
R5-D4
2%
R5-M2
2%
RA-7
2%
Range Trooper
2%
Ratts Tyerell
2%
Rebel Friend
2%
Ree-Yees
2%
Rey (Episode VII – Jedi)
2%
Rey (Episode VII – Starkiller Base)
2%
Rey (Grey Jedi Wrap)
2%
Rey (Kijimi Coat)
2%
Rey (Scavenger Grey Vest)
2%
Rey (Sith)
2%
Ric Olié
2%
Roger
2%
Rose Tico (Crait)
2%
Rose Tico (Episode IX)
2%
Rose Tico (Episode VIII – Supremacy)
2%
Rose Tico (First Order)
2%
Rune Haako
2%
Sandtrooper
2%
Sandtrooper (Commander)
2%
Sandtrooper (Sergeant)
2%
Scout Trooper (Kashyyyk)
2%
Senate Guard
2%
Sidon Ithano
2%
Sith Acolyte
2%
Sith Jet Trooper
2%
Sith Probe Droid
2%
Sith Trooper
2%
Sovereign Protector
2%
Stormtrooper (Empire Commander)
2%
Stormtrooper (Empire Sergeant)
2%
Stormtrooper (First Order)
2%
Stormtrooper (First Order – Driver)
2%
Stormtrooper (First Order Heavy Assault)
2%
Stormtrooper (First Order Officer)
2%
Stormtrooper (First Order Sergeant)
2%
Stormtrooper (First Order Squad Leader)
2%
Sy Snootles
2%
Tallie Lintra
2%
Teedo
2%
Temiri Blagg
2%
Temmin Wexley
2%
The Emperor (Clone)
2%
Theron Nett
2%
Tion Medon
2%
Trudgen
2%
Ubbla Mollbro
2%
Ugnaught
2%
Unkar Plutt
2%
Ushar
2%
Vicrul
2%
Wandering Wookiee
2%
Weequay
2%
Wrobie Tyce
2%
Zam Wesell (Alien Face)
2%
Zam Wesell (Human)
2%
Zev Senesca (Rogue 2)
2%
Captain Peavey
0%
Chewbacca (Holiday Special)
0%
Kaydel Connix (Episode IX)
0%
Lando Calrissian (Episode VI – General)
0%
Obi-Wan Kenobi (Classic)
0%
R5-2JE
0%
No matching quizzes found
Score Distribution
Percent of People with Each Score
Percentile by Number Answered
Your Score History
You have not taken this quiz